000 02515cam a22005174i 4500
003 PE-LiUPU
005 20250731165557.0
008 150625s r 000 0 d
020 _a9972500217
035 _a(Sirsi) i9789972500213
040 _aPE-LiUPU
_bspa
_cPE-LiUPU
_erda
049 _aPRUA
082 0 4 _a070.175
_bC73
_221
245 0 0 _aCompilación de normas y criterios para la edición de publicaciones científicas /
_cComité Nacional para la Edición de Publicaciones Científicas ; [editor, Naldo Balarezo Gerstein].
264 1 _aLima :
_bAcademia de Estomatología del Perú, CONCYTEC,
_c2003.
300 _a112 páginas ;
_c23 centímetros
336 _atext
_2rdacontent
337 _aunmediated
_2rdamedia
338 _avolume
_2rdacarrier
504 _aIncluye bibliografía de apoyo.
505 0 _aInternational Standard Book Number (ISBN).-International Standard serial Nuimber (ISSN). -Requisitos uniformes para preparar los manuscritos enviados a revistas biomédicas. -Estructura de un artículo original o científico. -Criterios de selección de revistas para la Base de Datos LILACS. (Literatura Latino Americana y del Caribe en Ciencias de la Salud). -criterios de selección de revistas para la Base de Datos LATINDEX. -Sistema internacional de Unidades. -Ley sobre el Derecho de Autor: D.L. Nº 822. -Ley 26905 Depósito Legal en la Biblioteca Nacional del Perú. -Reglamento de la Ley de Depósito Legal R.S. Nº 017-98-ED. -Reglamento de Subvenciones para Publicaciones Científicas y Tecnologías 2003 CONCYTEC.
526 _aSEG44
526 _aSEG26
526 _aP151
526 _aP150
526 _aP149
526 _aP146
526 _aP145
526 _aP126
526 _aP125
526 _aP92
526 _aP75
526 _aP74
526 _aP27
526 _aP15
650 0 4 _aDepósito legal
_xLegislación
_zPerú.
650 0 4 _aDerechos de autor
_xLegislación
_zPerú.
650 0 4 _aPublicaciones científicas
_vNormas.
700 1 _aBalarezo Gerstein, Naldo,
_eeditor.
942 _2ddc
_cBOOK
949 _a070.175 C73
_wDEWEY
_c1
_i55666
_lCCODEBUL1
_mBUL
_p2.00
_r0
_sY
_tBOOK
_u2015-6-25
_xEDUCACION
_zUNKNOWN
_0COMPRA
_o.STAFF. Colección General
994 _aC0
_bPEPRU
596 _a1
999 _a070.175 C73
_wDEWEY
_c44524
_i55666
_f2021-11-30
_g5
_lCCODEBUL1
_mBUL
_p2.00
_r0
_sY
_tBOOK
_u2015-6-25
_xEDUCACION
_zUNKNOWN
_0COMPRA
_o.STAFF. Colección General
_d44524
980 _81
_gALBERTO SANCHEZ Responsable de Automatización